Der Arzt - Herr über Leben und Tod?

Es geht um die rechtlichen und moralischen Grenzen der Ausübung des Arztberufes. Angesprochen werden die Themenbereiche: Abtreibung; Reproduktionsmedizin; Euthanasie; Transplantationsmedizin

Saved in:
Bibliographic Details
Main Author: Laufs, Adolf (Author)
Format: Chapter/Article
Language:German
Published: [1989]
In: Staat, Kirche, Wissenschaft in einer pluralistischen Gesellschaft
Year: 1989, Pages: 145-163
Subjects:
Online Access: Get full text
Author Notes:von Adolf Laufs

MARC

LEADER 00000caa a2200000 c 4500
001 1420005839
003 DE-627
005 20251017141513.0
007 tu
008 110907s1989 xx ||||| 00| ||ger c
035 |a (DE-627)1420005839 
035 |a (DE-576)350005834 
035 |a (DE-599)BSZ350005834 
035 |a (OCoLC)1340402545 
040 |a DE-627  |b ger  |c DE-627  |e rda 
041 |a ger 
084 |a 19  |2 sdnb 
084 |a 1  |2 ssgn 
100 1 |a Laufs, Adolf  |d 1935-2014  |e VerfasserIn  |0 (DE-588)10594131X  |0 (DE-627)481945652  |0 (DE-576)161921191  |4 aut 
245 1 4 |a Der Arzt - Herr über Leben und Tod?  |c von Adolf Laufs 
264 1 |c [1989] 
300 |a 19 
336 |a Text  |b txt  |2 rdacontent 
337 |a ohne Hilfsmittel zu benutzen  |b n  |2 rdamedia 
338 |a Band  |b nc  |2 rdacarrier 
520 |a Es geht um die rechtlichen und moralischen Grenzen der Ausübung des Arztberufes. Angesprochen werden die Themenbereiche: Abtreibung; Reproduktionsmedizin; Euthanasie; Transplantationsmedizin 
689 0 0 |d s  |0 (DE-588)4003157-3  |0 (DE-627)104544988  |0 (DE-576)208850414  |a Arzt  |2 gnd 
689 0 1 |d s  |0 (DE-588)4253135-4  |0 (DE-627)104733225  |0 (DE-576)210528621  |a Berufsethik  |2 gnd 
689 0 2 |d s  |0 (DE-588)4074672-0  |0 (DE-627)106088726  |0 (DE-576)209194898  |a Medizinische Ethik  |2 gnd 
689 0 |5 (DE-627) 
773 0 8 |i Enthalten in  |t Staat, Kirche, Wissenschaft in einer pluralistischen Gesellschaft  |d Berlin : Duncker u. Humblot, 1989  |g (1989), Seite 145-163  |h 899 S.  |w (DE-627)275209733  |w (DE-576)01900527X  |z 3428067592  |7 nnam  |a Der Arzt - Herr über Leben und Tod? 
773 1 8 |g year:1989  |g pages:145-163  |g extent:19  |a Der Arzt - Herr über Leben und Tod? 
889 |w (DE-576)518949907 
889 |w (DE-627)859444775 
889 |w (DE-627)1588949907 
889 |w (DE-627)1763243109 
935 |a KALD  |a DAKR 
935 |i mdedup 
951 |a AR 
990 |a Medizinische Ethik 
990 |a Berufsethik 
990 |a Arzt 
992 |a 20160711 
993 |a BookComponentPart 
994 |a 1989 
998 |g 10594131X  |a Laufs, Adolf  |m 10594131X:Laufs, Adolf  |d 20000  |d 20600  |e 20000PL10594131X  |e 20600PL10594131X  |k 0/20000/  |k 1/20000/20600/  |p 1  |x j  |y j 
999 |a KXP-PPN1420005839  |e 2932900730 
BIB |a Y 
JSO |a {"type":{"bibl":"chapter"},"name":{"displayForm":["von Adolf Laufs"]},"relHost":[{"note":["Text teilw. dt., teilw. span"],"language":["ger","spa"],"recId":"275209733","disp":"Der Arzt - Herr über Leben und Tod?Staat, Kirche, Wissenschaft in einer pluralistischen Gesellschaft","title":[{"title_sort":"Staat, Kirche, Wissenschaft in einer pluralistischen Gesellschaft","title":"Staat, Kirche, Wissenschaft in einer pluralistischen Gesellschaft","subtitle":"Festschrift zum 65. Geburtstag von Paul Mikat"}],"name":{"displayForm":["hrsg. von Dieter Schwab ..."]},"part":{"pages":"145-163","year":"1989","text":"(1989), Seite 145-163","extent":"19"},"type":{"bibl":"edited-book"},"physDesc":[{"noteIll":"1 Ill.","extent":"899 S."}],"person":[{"given":"Dieter","display":"Schwab, Dieter","family":"Schwab","role":"edt"},{"role":"hnr","family":"Mikat","given":"Paul","display":"Mikat, Paul"}],"id":{"isbn":["3428067592"],"eki":["275209733"]},"origin":[{"publisher":"Duncker u. Humblot","dateIssuedKey":"1989","publisherPlace":"Berlin","dateIssuedDisp":"1989"}]}],"origin":[{"dateIssuedDisp":"[1989]","dateIssuedKey":"1989"}],"id":{"eki":["1420005839"]},"physDesc":[{"extent":"19 S."}],"person":[{"family":"Laufs","role":"aut","given":"Adolf","display":"Laufs, Adolf"}],"title":[{"title_sort":"Arzt - Herr über Leben und Tod?","title":"Der Arzt - Herr über Leben und Tod?"}],"recId":"1420005839","language":["ger"]} 
SRT |a LAUFSADOLFARZTHERRUE1989